000
00266nam a2200121Ia 4500
008
190216s9999||||xx |||||||||||||| ||und||
100
_a
Jain K C & Agarwal
245
0
_a
Pert And Cpm
260
_b
Null
_c
1981
300
_a
198p
650
_a
Commerce
942
_c
BK
999
_c
5021
_d
5021